| 000 | 00631nam a2200181 i 4500 | ||
|---|---|---|---|
| 001 | 90242 | ||
| 003 | ES-MaACL | ||
| 007 | t| | ||
| 008 | 050119s1924 fr ||||1| fre d | ||
| 100 | 1 |
_aLe Gallo, Emile. _970881 |
|
| 245 | 1 | 4 |
_aLes cent-sours _b: essai sur l'histoire intérieure de la France depuis le retour de l'ile d'Elbe jusqu'a la nouvelle de Waterloo / _cpar Emile Le Gallo. |
| 260 |
_aParis : _bFélix Alcan, _c1924. |
||
| 300 |
_a534 p. ; _c23 cm. |
||
| 490 | 1 | _aBibliothèque d'histoire contemporaine | |
| 830 | 0 |
_aBibliothèque d'histoire contemporaine _9180875 |
|
| 852 |
_aES-MaACL _jG-7195 |
||
| 999 |
_c90242 _d90242 |
||